Find Five: Countries Quiz Stats

 Plays Quiz Updated May 13, 2019

Score 0/50 Timer 05:00
7 Plays Today
% Correct
Chile
87.5%
Colombia
85.4%
Bolivia
85.1%
Peru
84.3%
Cuba
83.8%
Uruguay
83.6%
Algeria
83.5%
Jamaica
82.5%
Thailand
82.4%
Vietnam
82.3%
St Kitts and Nevis
82.2%
Trinidad and Tobago
82%
Serbia
81.8%
Bosnia and Herzegovina
81.6%
Dominica
81.5%
France
81.4%
Slovenia
81.3%
Libya
81.2%
Belgium
80.7%
Italy
80.7%
Guatemala
80%
Honduras
79.9%
Chad
79.5%
El Salvador
79.4%
Cambodia
79.4%
% Correct
Laos
79%
Netherlands
78.7%
Tuvalu
78.2%
Myanmar
78%
Vanuatu
77.9%
Croatia
77.8%
New Zealand
77.2%
Niger
76.9%
Palau
76.6%
Luxembourg
76.6%
Republic of the Congo
75.9%
Nicaragua
75.4%
Zambia
75%
Nauru
74.9%
Belize
74.9%
Kazakhstan
74.5%
Angola
73.1%
Malawi
73%
Mali
71.8%
North Macedonia
71.3%
Georgia
70.9%
Lesotho
69.4%
Turkmenistan
69.3%
Armenia
67.8%
Lithuania
65.8%

You're not logged in!

Compare scores with friends on all Sporcle quizzes.
OR
Log In

Sporcle TV

Today on Sporcle TV


Watch our educational content, quiz creation guides, and fun videos on Sporcle TV.

Show Comments

Extras

Top Quizzes Today


Score Distribution

Your Account Isn't Verified!

In order to create a playlist on Sporcle, you need to verify the email address you used during registration. Go to your Sporcle Settings to finish the process.

Report this User

Report this user for behavior that violates our Community Guidelines.

Details: